Statistieken voor 50 meest gebruikte trein stations in Nederland

Klik hier om de quiz te nemen!

Algemene statistieken

  • Deze quiz is 460 keer genomen
  • De gemiddelde score is 26 van 50

Antwoordstatistieken

Aantal reizigersAntwoord% Correct
192.178Amsterdam Centraal
99%
194.385Utrecht Centraal
98%
96.690Rotterdam Centraal
96%
91.437Den Haag Centraal
91%
17.768Groningen
91%
65.468Eindhoven Centraal
86%
11.854Maastricht
83%
45.403Nijmegen
82%
35.863Breda
81%
34.503Tilburg
81%
10.393Leeuwarden
80%
41.100Zwolle
80%
79.376Leiden Centraal
78%
43.677Arnhem Centraal
75%
21.026Alkmaar
69%
42.040Haarlem
68%
60.819Amsterdam Zuid
63%
14.840Apeldoorn
63%
38.423Delft
62%
43.710Amersfoort Centraal
61%
23.696Gouda
59%
47.347's-Hertogenbosch
57%
24.483Dordrecht
55%
20.903Deventer
50%
26.697Hilversum
50%
10.317Roosendaal
49%
92.214Schiphol Airport
45%
33.612Den Haag HS
44%
18.369Ede-Wageningen
42%
11.378Roermond
42%
27.124Almere Centrum
40%
22.765Zaandam
40%
33.717Amsterdam Amstel
39%
10.286Sittard
38%
28.111Amsterdam Bijlmer ArenA
37%
18.310Rotterdam Alexander
36%
24.006Rotterdam Blaak
35%
14.306Hoorn
34%
14.531Lelystad Centrum
30%
11.988Zutphen
30%
13.126Duivendrecht
26%
18.884Hoofddorp
24%
13.358Woerden
24%
16.660Den Haag laan van NOI
23%
23.164Schiedam Centrum
18%
14.148Amsterdam Muiderpoort
17%
10.759Alphen aan de Rijn
16%
9.930Weesp
12%
58.800Amserdam Sloterdijk
3%
15.836Amserdam Lelylaan
2%

Scoreverdeling

Percentiel versus Aantal Correcte Antwoorden

Procent van Mensen met Elke Score

Uw Scoregeschiedenis

U heeft deze quiz nog niet genomen